League of Legends Champions by Image Quiz Stats

 Plays Quiz not verified by Sporcle

Score 0/134 Timer 15:00
29 Plays Today
% Correct
Ashe
98.3%
Annie
97.5%
Ahri
97.2%
Darius
95.6%
Blitzcrank
95.3%
Vi
95.1%
Amumu
95%
Garen
94.7%
Zed
94.7%
Caitlyn
94.7%
Ezreal
94.6%
Alistar
94%
Akali
93.9%
Jinx
93.9%
Aatrox
93.9%
Teemo
93.9%
Yasuo
93.8%
Lee Sin
93.5%
Lux
93.3%
Lucian
92.6%
Draven
92.5%
Katarina
91.9%
Zac
91.4%
Sona
91.2%
Thresh
91%
Miss Fortune
90.6%
Vayne
90.6%
Anivia
90.6%
Braum
90.4%
Graves
90.2%
Soraka
90.1%
Nunu
90.1%
Leona
89.9%
Zyra
89.2%
Camille
89.2%
Cho'Gath
89%
Kha'Zix
88.9%
Lulu
88.7%
Shen
88.7%
Tristana
88.7%
Rengar
88.7%
Taric
88.6%
Jax
88.2%
Riven
87.9%
Jhin
87.9%
% Correct
Janna
87.9%
Corki
87.9%
Master Yi
87.5%
Twisted Fate
87.2%
Brand
87.2%
Bard
87%
Morgana
86.5%
Lissandra
86.1%
Olaf
86%
Azir
85.7%
Malphite
85.3%
Nami
85.2%
Ryze
84.8%
Dr. Mundo
84.7%
Fizz
84.7%
Zilean
84.5%
Quinn
83.9%
Irelia
83.7%
Nidalee
83.7%
Twitch
83.7%
Jayce
83.6%
Gangplank
83.5%
Kayle
83.4%
Fiddlesticks
83.4%
Ivern
83.1%
Renekton
82.9%
Xin Zhao
82.8%
Orianna
82.6%
Evelynn
82.5%
Warwick
82.5%
Jarvan IV
82.4%
Talon
81.9%
Poppy
81.9%
Karthus
81.3%
Maokai
81.3%
Kassadin
80.3%
Nasus
80.1%
Kog'Maw
80%
Karma
79.9%
Diana
79.9%
Kennen
79.6%
LeBlanc
79.3%
Heimerdinger
79.2%
Ziggs
79%
Pantheon
79%
% Correct
Urgot
78.9%
Elise
78.8%
Varus
78.7%
Shaco
78.1%
Nocturne
77.5%
Fiora
77.2%
Singed
76.9%
Cassiopeia
76.4%
Yorick
75.9%
Rumble
75.7%
Tryndamere
75.2%
Gragas
75%
Xerath
74.1%
Veigar
74.1%
Shyvana
73.7%
Viktor
73.1%
Sivir
73%
Vladimir
72.8%
Udyr
72.1%
Hecarim
72%
Galio
71%
Malzahar
70.7%
Wukong
70.6%
Volibear
70%
Rammus
69.6%
Trundle
67.5%
Sejuani
67.4%
Syndra
67.1%
Mordekaiser
67%
Ekko
66.8%
Sion
65.5%
Gnar
65.2%
Kled
65.1%
Nautilus
64.9%
Swain
64.5%
Aurelion Sol
64.1%
Kindred
63.7%
Illaoi
63.5%
Tahm Kench
63.3%
Taliyah
62.5%
Skarner
62.5%
Vel'Koz
62.1%
Kalista
61.2%
Rek-Sai
60.7%

You're not logged in!

Compare scores with friends on all Sporcle quizzes.
OR
Log In

Sporcle TV

Today on Sporcle TV


Watch our educational content, quiz creation guides, and fun videos on Sporcle TV.

Show Comments

Extras

Top Quizzes Today


Score Distribution

Your Account Isn't Verified!

In order to create a playlist on Sporcle, you need to verify the email address you used during registration. Go to your Sporcle Settings to finish the process.

Report this User

Report this user for behavior that violates our Community Guidelines.

Details: